000
00415nam a2200145Ia 4500
008
100122s9999 xx 000 0 und d
082
_b
8327
_a
823
100
_a
आपटे गो ल
245
_a
सोनेरी नागीण
260
_b
य.गो.जोशी
_c
1941
300
_a
50
630
_a
सोनेरी नागीण
730
_a
सोनेरी नागीण
942
_c
BOOK
999
_c
400651
_d
400648